000 00422nam a22001697a 4500
005 20180530112737.0
008 160521b xxu||||| |||| 00| 0 eng d
020 _a978-0-07-062016-2
041 _aeng
082 _b3976
_a519.5
100 _aAczel A.D & Sounderpandian J
_9993
245 _aComplete Business Statistics
260 _aNew Delhi
_bTMH,
_c2006
300 _a820
650 _aManagement
_9241
942 _cBK
999 _c1353
_d1353